The noble scholar, jurist, historian


 His Excellency Dr. Abdul Wahhab bin Ibrahim Abu Sulaiman, may Allah have mercy on him.


 He was born in Umm Al-Qura in the year 1356 AH.

شارع العنبرية / (Record no. 12082)

MARC details
000 -LEADER
fixed length control field 01369cam a22003251i 4500
003 - CONTROL NUMBER IDENTIFIER
control field SA-RiAUC
005 - DATE AND TIME OF LATEST TRANSACTION
control field 20250924064949.0
008 - FIXED-LENGTH DATA ELEMENTS--GENERAL INFORMATION
fixed length control field 250729s1994 su a g 00000 ara c
020 ## - INTERNATIONAL STANDARD BOOK NUMBER
International Standard Book Number 9960275418
040 ## - CATALOGING SOURCE
Original cataloging agency SA-MaUQU
Language of cataloging ara
Transcribing agency SA-RiAUC
Description conventions rda
043 ## - GEOGRAPHIC AREA CODE
Geographic area code a-su---
082 04 - DEWEY DECIMAL CLASSIFICATION NUMBER
Classification number 953.122
Assigning agency SA-RiAUC
090 ## - LOCALLY ASSIGNED LC-TYPE CALL NUMBER (OCLC); LOCAL CALL NUMBER (RLIN)
Classification number (OCLC) (R) ; Classification number, CALL (RLIN) (NR) 953.122
Local cutter number (OCLC) ; Book number/undivided call number, CALL (RLIN) خ ر ي
100 1# - MAIN ENTRY--PERSONAL NAME
Personal name الخريصي، هشال بن عبد العزيز،
Dates associated with a name 1360 هجري-
Relator term مؤلف.
245 10 - TITLE STATEMENT
Title شارع العنبرية /
Statement of responsibility, etc. هشال بن عبد العزيز الخريصي.
250 ## - EDITION STATEMENT
Edition statement الطبعة الأولى.
264 #1 - PRODUCTION, PUBLICATION, DISTRIBUTION, MANUFACTURE, AND COPYRIGHT NOTICE
Place of production, publication, distribution, manufacture [مكان النشر غير محدد] :
Name of producer, publisher, distributor, manufacturer هشال بن عبد العزيز الخريصي،
Date of production, publication, distribution, manufacture, or copyright notice 1994.
264 #3 - PRODUCTION, PUBLICATION, DISTRIBUTION, MANUFACTURE, AND COPYRIGHT NOTICE
Place of production, publication, distribution, manufacture جدة، السعودية :
Name of producer, publisher, distributor, manufacturer مطابع مؤسسة المدينة للصحافة
300 ## - PHYSICAL DESCRIPTION
Extent 72 صفحة :
Other physical details إيضاحيات ؛
Dimensions 24 سم
336 ## - CONTENT TYPE
Content type term نص
Content type code txt
Source rdacontent
Materials specified كتاب
337 ## - MEDIA TYPE
Media type term بدون وسيط
Media type code n
Source rdamedia
338 ## - CARRIER TYPE
Carrier type term مجلد
Carrier type code nc
Source rdacarrier
651 #7 - SUBJECT ADDED ENTRY--GEOGRAPHIC NAME
Geographic name المدينة المنورة
General subdivision تاريخ
Source of heading or term aucsh
651 #7 - SUBJECT ADDED ENTRY--GEOGRAPHIC NAME
Geographic name المدينة المنورة
General subdivision وصف ورحلات
Source of heading or term aucsh
651 #7 - SUBJECT ADDED ENTRY--GEOGRAPHIC NAME
Geographic name العنبرية (السعودية)
General subdivision وصف ورحلات
Source of heading or term aucsh
651 #7 - SUBJECT ADDED ENTRY--GEOGRAPHIC NAME
Geographic name العنبرية (السعودية)
General subdivision تاريخ
Source of heading or term aucsh
653 ## - INDEX TERM--UNCONTROLLED
Uncontrolled term التاريخ
942 ## - ADDED ENTRY ELEMENTS (KOHA)
Source of classification or shelving scheme Dewey Decimal Classification
Koha item type Books
Suppress in OPAC No
949 ## - LOCAL PROCESSING INFORMATION (OCLC)
a SA-JeALM
d 250729
u mohamedma123
n 1
Holdings
Withdrawn status Lost status Source of classification or shelving scheme Damaged status Not for loan Home library Current library Date acquired Total checkouts Full call number Barcode Date last seen Price effective from Koha item type
    Dewey Decimal Classification     DR AbdElwahab Library DR AbdElwahab Library 09/24/2025   953.122 خ ر ي 000019443 09/24/2025 09/24/2025 Books